| 000 | 00865nam a2200253 a 4500 | ||
|---|---|---|---|
| 999 |
_c20252 _d20252 |
||
| 005 | 20200104041803.0 | ||
| 008 | 180710s2015 ck abdo|r|||| 00| 0 spa d | ||
| 020 | _a9876543319 | ||
| 040 |
_aCO-BoIAVH _cCO-BoIAVH |
||
| 041 | 0 | _aspa | |
| 044 | _ack | ||
| 082 | 0 | 4 |
_a578.764 _bC25a |
| 245 | 0 | 0 | _aCaracterización ambiental y ecosistemas estratégicos en la cuenca del Río Bita departamento del Vichada |
| 260 |
_aBogotá (Colombia) : _bCorporinoquia, _c2015. |
||
| 300 |
_a459 páginas : _bilustraciones a color, mapas, gráficas y fotografías ; _c28 x 22 cm. |
||
| 504 | _aIncluye referencias bibliográficas. | ||
| 650 | 2 | 6 | _aEcología |
| 650 | 2 | 6 | _aBiología |
| 650 | 2 | 6 | _aBiodiversidad |
| 650 | 2 | 4 | _aEcosistemas |
| 651 | 4 | _aRío Bita (Vichada, Colombia) | |
| 710 | 2 | _aCorporinoquia | |
| 942 |
_2ddc _cLIBRO |
||